كيف تفسرين أحلامك / (رقم التسجيلة. 100794)
[ عرض عادي ]
| 000 -LEADER | |
|---|---|
| fixed length control field | 00554nam a22001937a 4500 |
| 005 - DATE AND TIME OF LATEST TRANSACTION | |
| control field | 20251108173313.0 |
| 008 - FIXED-LENGTH DATA ELEMENTS--GENERAL INFORMATION | |
| fixed length control field | 250721s9999 xx 000 0 ara d |
| 082 14 - DEWEY DECIMAL CLASSIFICATION NUMBER | |
| Classification number | 135/عمر |
| 100 1# - MAIN ENTRY--PERSONAL NAME | |
| Personal name | عمر، هالة |
| 245 10 - TITLE STATEMENT | |
| Title | كيف تفسرين أحلامك / |
| 264 1# - PRODUCTION, PUBLICATION, DISTRIBUTION, MANUFACTURE, AND COPYRIGHT NOTICE | |
| Place of production, publication, distribution, manufacture | العراق : |
| Name of producer, publisher, distributor, manufacturer | المكتبة العالمية، |
| Date of production, publication, distribution, manufacture, or copyright notice | (19-). |
| 300 ## - PHYSICAL DESCRIPTION | |
| Extent | 104ص |
| 490 0# - SERIES STATEMENT | |
| Series statement | موسوعة عالم المرأة |
| Volume/sequential designation | 1 |
| 650 17 - SUBJECT ADDED ENTRY--TOPICAL TERM | |
| Topical term or geographic name as entry element | الاحلام |
| 650 17 - SUBJECT ADDED ENTRY--TOPICAL TERM | |
| Topical term or geographic name as entry element | علم النفس |
| 700 1# - ADDED ENTRY--PERSONAL NAME | |
| Personal name | اليوسف، دنيا |
| 942 ## - ADDED ENTRY ELEMENTS (KOHA) | |
| Source of classification or shelving scheme | Dewey Decimal Classification |
| Koha item type | كتب |
| حالة السحب | حالة الفقدان | مصدر التصنيف | حالة التلف | غير قابل للإعارة | المكتبة الرئيسية | المكتبة الحالية | موقع الرف | تاريخ التزويد | الرقم المتسلسل | Total Checkouts | رقم الإستدعاء | الباركود | تاريخ آخر ظهور | تاريخ الفاتورة | نوع المادة (كوها) |
|---|---|---|---|---|---|---|---|---|---|---|---|---|---|---|---|
| Dewey Decimal Classification | المكتبة المركزية | المكتبة المركزية | الإعارة | 28/07/2025 | 1011736 | 135/عمر | PLD00007114 | 28/07/2025 | 28/07/2025 | كتب |